LEADER 03234nam 22006372 450 001 9910457553303321 005 20151005020624.0 010 $a1-107-14544-9 010 $a1-280-51601-1 010 $a0-511-21518-5 010 $a0-511-21697-1 010 $a0-511-21160-0 010 $a0-511-32729-3 010 $a0-511-49028-3 010 $a0-511-21337-9 035 $a(CKB)1000000000353623 035 $a(EBL)266549 035 $a(OCoLC)171139090 035 $a(SSID)ssj0000199433 035 $a(PQKBManifestationID)11188042 035 $a(PQKBTitleCode)TC0000199433 035 $a(PQKBWorkID)10196817 035 $a(PQKB)11537876 035 $a(UkCbUP)CR9780511490286 035 $a(MiAaPQ)EBC266549 035 $a(PPN)183061268 035 $a(Au-PeEL)EBL266549 035 $a(CaPaEBR)ebr10131722 035 $a(CaONFJC)MIL51601 035 $a(OCoLC)560239693 035 $a(EXLCZ)991000000000353623 100 $a20090227d2004|||| uy| 0 101 0 $aeng 135 $aur||||||||||| 181 $ctxt$2rdacontent 182 $cc$2rdamedia 183 $acr$2rdacarrier 200 10$aMax Weber's politics of civil society /$fSung Ho Kim$b[electronic resource] 210 1$aCambridge :$cCambridge University Press,$d2004. 215 $a1 online resource (ix, 214 pages) $cdigital, PDF file(s) 300 $aTitle from publisher's bibliographic system (viewed on 05 Oct 2015). 311 $a0-521-03656-9 311 $a0-521-82057-X 320 $aIncludes bibliographical references (p. 191-209) and index. 327 $aPart I. Of 'Sect Man': The Modern Self and Civil Society in Max Weber -- Part II The Protesant Ethic and the spirit of individualism -- Part III. The Protestant Sects and the Spirit of Civil Society -- Part IV. Politics, Science, Ethics -- Part V. liberalism, . nationalism, and civil society --Part VI. Max Weber's politics of civil society. 330 $aThis book is an in-depth interpretation of Max Weber as a political theorist of civil society. On the one hand, it reads Weber's ideas from the perspective of modern political thought, rather than the modern social sciences; on the other, it offers a liberal assessment of this complex political thinker without attempting to apologize for his shortcomings. Through an alternative reading of Weber's religious, epistemological and political writings, the book shows Weber's concern with public citizenship in a modern mass democracy and civil society as its cultivating ground. Kim argues Weber's political thought, thus recast, was deeply informed by Kant, Hegel, Nietzsche and other German political thinkers and also reveals an affinity to the liberal-republican tradition best represented by Mill and Tocqueville. Kim has effectively resuscitated Weber as a political thinker for our time in which civic virtues and civil society have once again become one of the dominant issues. 606 $aCivil society 615 0$aCivil society. 676 $a300/.1 700 $aKim$b Sung Ho$f1966 November 9-$01046765 801 0$bUkCbUP 801 1$bUkCbUP 906 $aBOOK 912 $a9910457553303321 996 $aMax Weber's politics of civil society$92473928 997 $aUNINA